000 00254nam a2200097Ia 4500
001 1222530
005 20250827092850.0
008 250824s9999 xx 000 0 und d
245 0 _aPANİK YOK OKULDAYIZ
_cYASEMİN DERYA AKAR
260 _bÇOÇUK GEZEGENİ
999 _c1222530
_d1222530